=LDR 00000nam 2200000 4500 =001 001116 =005 20250713010825 =035 ##$$a 0010-0725001000 =007 ta =008 250713################a##########0#ind## =020 ##$$a 978-623-307-983-9 =082 ##$$a 398.209 598 =084 ##$$a 398.209 598 BES k =100 #$$a Besant annie =245 1#$$a Kado natal sam /$c Annie besant =250 ##$$a Cetakan pertama =260 ##$$a Rawamangun :$b Badan pengembangan dan pembinaan bahasa,$c 2022 =300 ##$$a 20 hlm. : $b Ilus. ; $c 22,9 cm. =650 #4$$a Cerita anak indonesia-terjemahan =650 #4$$a Literasi-bahan bacaan